[Event "Tal Memorial"]
[Site "Moscow RUS"]
[Date "2009.11.11"]
[Round "6"]
[White "Leko,P"]
[Black "Svidler,P"]
[Result "1/2-1/2"]
[WhiteElo "2752"]
[BlackElo "2754"]
[EventDate "2009.11.05"]

1. e4 c5 2. Nf3 e6 3. d4 cxd4 4. Nxd4 a6 5. Bd3 Bc5 6. Nb3 Be7 7. Qg4 Bf6
8. Qg3 Nc6 9. N1d2 d5 10. O-O Nge7 11. Re1 Ne5 12. Bf1 O-O 13. c3 N7c6 14.
Nd4 Bh4 15. Nxc6 Nxc6 16. Qf3 d4 17. e5 dxc3 18. Qxc3 Qd4 19. Qxd4 Nxd4 20.
Re4 Nc2 21. Rb1 Be7 22. Nc4 b5 23. Nd6 f5 24. Re2 Nb4 25. Bd2 Nd5 26. Ba5
Bd7 27. Rc2 Bxd6 28. exd6 Rfc8 29. Rbc1 Rxc2 30. Rxc2 Kf7 31. g3 Rc8 32.
Rxc8 Bxc8 33. a4 Bd7 34. axb5 axb5 35. Bg2 Ke8 36. f4 Bc6 37. Bc3 g6 38.
Kf2 Kd7 39. Bxd5 exd5 40. Ke3 d4+ 41. Kxd4 Kxd6 1/2-1/2

[Event "Tal Memorial"]
[Site "Moscow RUS"]
[Date "2009.11.14"]
[Round "9"]
[White "Anand,V"]
[Black "Aronian,L"]
[Result "0-1"]
[WhiteElo "2788"]
[BlackElo "2786"]
[EventDate "2009.11.05"]

1. d4 d5 2. c4 c6 3. Nf3 Nf6 4. Nc3 a6 5. e3 b5 6. c5 Nbd7 7. Bd3 e5 8.
Nxe5 Nxe5 9. dxe5 Nd7 10. e6 Nxc5 11. exf7+ Kxf7 12. b3 Nxd3+ 13. Qxd3 Qg5
14. g3 Qf6 15. Bb2 Qf3 16. Rg1 Bg4 17. a3 Re8 18. Rc1 b4 19. axb4 Bxb4 20.
h3 Bxh3 21. g4 Bxg4 22. Rg3 Qf5 23. Qd4 Re4 24. Qa7+ Qd7 25. Qb6 c5 0-1

[Event "Tal Memorial"]
[Site "Moscow RUS"]
[Date "2009.11.14"]
[Round "9"]
[White "Svidler,P"]
[Black "Gelfand,B"]
[Result "1/2-1/2"]
[WhiteElo "2754"]
[BlackElo "2758"]
[EventDate "2009.11.05"]

1. e4 e5 2. Nf3 Nf6 3. Nxe5 d6 4. Nf3 Nxe4 5. d4 d5 6. Bd3 Nc6 7. O-O Be7
8. Re1 Bg4 9. c4 Nf6 10. Nc3 Bxf3 11. Qxf3 Nxd4 12. Qd1 Ne6 13. cxd5 Nxd5
14. Bb5+ c6 15. Nxd5 cxb5 16. Qb3 O-O 17. Be3 Bc5 18. Rad1 Bxe3 19. Rxe3
Qa5 20. Qc2 Rfe8 21. f4 b4 22. f5 Nf8 23. Ne7+ Kh8 24. Qc4 Ne6 25. Nd5 Rad8
26. Ree1 Qc5+ 27. Qxc5 Nxc5 28. Rxe8+ Rxe8 29. Nxb4 g6 30. fxg6 1/2-1/2